Statistics for Movies by Picture #1

Click here to take the quiz!

General Stats

  • This quiz has been taken 667 times
  • The average score is 10 of 12

Answer Stats

Answer % Correct
Jurassic Park
97%
Finding Nemo
93%
Avatar
91%
E.T.
90%
Pirates of the Caribbean
87%
Up
86%
Despicable Me
81%
IT
78%
Happy Feet
72%
Harry Potter
69%
Titanic
68%
Transformers
62%

Score Distribution

Percentile by Number Answered

Percent of People with Each Score

Your Score History

You have not taken this quiz